INTRODUCTORY ORNAMENTAL HORTICULTURE (Record no. 9060)

MARC details
000 -LEADER
fixed length control field 00420nam a22001697a 4500
005 - DATE AND TIME OF LATEST TRANSACTION
control field 20260310153829.0
008 - FIXED-LENGTH DATA ELEMENTS--GENERAL INFORMATION
fixed length control field 260309b |||||||| |||| 00| 0 eng d
020 ## - INTERNATIONAL STANDARD BOOK NUMBER
ISBN 978-93-89987-43-0
041 ## - LANGUAGE CODE
Language code of text/sound track or separate title eng
082 ## - DEWEY DECIMAL CLASSIFICATION NUMBER
Classification number 635.9 ARO-I
100 ## - MAIN ENTRY--AUTHOR NAME
Personal name ARORA, J.S
245 ## - TITLE STATEMENT
Title INTRODUCTORY ORNAMENTAL HORTICULTURE
260 ## - PUBLICATION, DISTRIBUTION, ETC. (IMPRINT)
Place of publication LUDHIANA
Name of publisher KALYANI PUBLISHERS
300 ## - PHYSICAL DESCRIPTION
Number of Pages 377P;
650 ## - SUBJECT ADDED ENTRY--TOPICAL TERM
Topical Term AGRICULTURE
942 ## - ADDED ENTRY ELEMENTS (KOHA)
Koha item type Books
Holdings
Lost status Damaged status Collection code Home library Current library Shelving location Date acquired Source of acquisition Cost, normal purchase price Serial Enumeration / chronology Full call number Accession Number Koha item type
    AGRICULTURE JRU Library JRU Library NEW ARRIVAL SHELF 09/03/2026 PURCHASE 695.00 LBI/000880 , DATE-6/03/2026 635.9 29304 Books
    AGRICULTURE JRU Library JRU Library   09/03/2026 PURCHASE 695.00 LBI/000880 , DATE-6/03/2026 635.9 29305 Books